Israël pour les touristes... - Statistiques

Statistiques générales
  • Ce quiz a été pris 62 fois
  • Le résultat moyen est 9 sur 20
Statistiques - réponses
Question Indice Réponses % Correct
Quelle est la langue officielle ? Hébreu
98%
La religion majoritaire est Judaïsme
77%
Le principal aéroport est T Tel-Aviv
77%
Quelles sont les principaux lieux touristiques ? J {Jérusalem}
75%
Dans la capitale quel est le décalage horaire avec Paris ? (+ ou - et chiffre) ex - 10 ou + 3,5 + 1
71%
Combien d'heures (environ) mettrez-vous pour vous y rendre ? (en chiffres) 6
59%
Quelle est la monnaie ? Shekel
57%
Code sur les plaques minéralogiques IL
55%
Le suffixe internet est il
55%
Comment se nomme la principale compagnie aérienne locale E A El Al
50%
Quelles sont les principaux lieux touristiques ? H {Haïfa}
48%
Quel est le régime du pays ? R P République parlementaire
45%
Achats à faire 2/ Chandelier juif Menorah
41%
Quelles sont les principaux lieux touristiques ? B {Bethléem}
32%
Quelles sont les principaux lieux touristiques ? N {Nazareth}
25%
Achats à faire 1/ Petit tissu utile Mouchoir
13%
Quels sont les climats locaux ? T & T {Tempéré} & {Tropical}
13%
Achats à faire 4/ Représentation religieuse Icone
9%
Quelles sont les principaux lieux touristiques ? S J A {Saint-Jean-d'Acre}
9%
Achats à faire 3/ Main talisman Hamsa
7%
Aucun quiz correspondant
Distribution des résultats
% des personnes avec chaque résultat
Percentile par nombre de réponses
Votre historique - résultats
Vous n’avez pas pris ce quiz